000 01166nam0a22002651 4500
001 rc\2801888
005 20260406204807.0
035 _a(NLR Aleph) 006927902
090 _a7516411
_c7516411
100 _a20110915d1936 |||y0rusy50 ca
101 0 _arus
102 _aRU
105 _aa z |||||
200 1 _aИнструкция ткачу хлопчатобумажной промышленности на станках системы "Платт"
_f[Предисл.: Ф. Тарасов]
210 _aМосква
_aЛенинград
_cГизлегпром
_d1936
_e[Калуга]
_gтип. Мособлполиграфа
215 _aОбл., 52, [2] с., 2 с. объявл.
_cил.
_d19х13 см.
225 1 _aВ помощь виноградовцам
_fЦентр. науч.-иссл. ин-т труда легкой пром-сти Цитлегпром
702 1 _aТарасов
_bФ.
_4080
712 0 2 _aЦНИИ труда легкой промышленности
_cМосква
_3RU\NLR\AUTH\889965257
_9426756
801 0 _aRU
_bNLR
_gpsbo
801 1 _aRU
_bELAR
_2rusmarc
852 _aNLR
_j36-10/690
942 _cBOOK
980 _aNB